Statistics for Least Used London Underground Tube Stations

Click here to take the quiz!

General Stats

  • This quiz has been taken 14 times
  • The average score is 7 of 20

Answer Stats

Usage per Year (Total Entries / Exits) Line(s) Zone(s) Station % Correct
370,000Central4Roding Valley
64%
1,130,000Metropolitan9Chesham
50%
1,170,000Metropolitan & Piccadilly6Ickenham
50%
1,380,000Northern4Mill Hill East
50%
950,000Central6Theydon Bois
50%
1,150,000District6Upminster Bridge
50%
1,240,000Central4Fairlop
43%
750,000Metropolitan7Chorleywood
36%
1,130,000Metropolitan7Croxley
36%
670,000Central4Grange Hill
29%
500,000Central4Chigwell
29%
940,000Metropolitan6 & 7Moor Park
29%
1,620,000Central4Barkingside
21%
1,670,000Metropolitan8Chalfont & Latimer
21%
1,530,000Metropolitan5West Harrow
21%
1,210,000Bakerloo4South Kenton
21%
830,000Piccadilly3North Ealing
21%
1,160,000Central5Ruislip Gardens
14%
1,720,000Central3West Acton
14%
1,690,000Northern4West Finchley
7%

Score Distribution

Percentile by Number Answered

Percent of People with Each Score

Your Score History

You have not taken this quiz